Библиотеката в новото хилядолетие (Запис номер 83347)
[ съкратено ]
| 000 -Лидер | |
|---|---|
| Контролно поле с фиксирана дължина | 02276nam a2200457 c 4500 |
| 003 - Код на организацията, давaща контролен номер | |
| Контролно поле | BLK |
| 005 - Дата и час на последна редакция | |
| Контролно поле | 20180420224736.0 |
| 008 - Елементи от данни с фиксирана дължина | |
| fixed length control field | 180408b bul|||||r ||||||| ||bul|| |
| 010 ## - Наследен системен номер | |
| LC control number | KNG00087894000 |
| 020 ## - Международен стандартен номер на книга ISBN | |
| Международен стандартен номер на книга ISBN | 978-954-91526-2-3 |
| -- | издат.: Регион. библ. Пенчо Славейков |
| 040 ## - Източник на каталожния запис | |
| Идентификатор на билиотеката - собственик на записа | BLK |
| 041 ## - Код за език | |
| Код за езика на текст/звукозапис или на отделно заглавие | Български |
| Код за езика КДБФ | Български |
| 072 #7 - Код за тематичната категория | |
| Код организация | bullib |
| Код за тематична категория | Н02 |
| Текст | Библиотечно дело Н |
| 080 ## - УДК | |
| Текстов определител УДК | Окръжни библиотеки. Областни библиотеки. Регионални библиотеки |
| УДК код - определител по УДК | 027.53 |
| УДК определител | (497.211)(091) |
| УДК - код + определител | 027.53(497.211)(091) |
| 080 ## - УДК | |
| Текстов определител УДК | Специална библиография |
| УДК код - определител по УДК | 016 |
| УДК определител | :027.53(497.211) |
| УДК - код + определител | 016:027.53(497.211) |
| 080 ## - УДК | |
| Текстов определител УДК | Окръжни библиотеки. Областни библиотеки. Регионални библиотеки |
| УДК код - определител по УДК | 027.53 |
| УДК определител | (497.211)(01) |
| УДК - код + определител | 027.53(497.211)(01) |
| 139 ## - Редно поле | |
| Редна дума | Регионална библиотека Пенчо Славейков. Варна |
| Авторски знак | Ре - Р 44 |
| 245 10 - Сведения за заглавието | |
| Заглавие | Библиотеката в новото хилядолетие |
| Подзаглавни данни | 125 г. РБ Пенчо Славейков - Варна 1883 - 2008 : Сборник |
| Редно поле (дума) | състав. Емилия Веселинова Милкова. |
| 257 ## - Страна на издаване | |
| Страна на създаване/издаване | България |
| 260 ## - Област на издателските данни | |
| -- | Варна |
| Име на издателя, разпространителя и проч. | Регион. библ. Пенчо Славейков |
| Година на издаване | 2008 |
| 300 ## - Физическа характеристика | |
| Страници | 224 с. |
| Илюстрации и др. | с ил., факс. |
| Размери/Мащаб | 20 см |
| 380 ## - Жанр | |
| Жанр | Общ отдел |
| 500 ## - Общи забележки | |
| Забележка | Библиогр. указател ; Именен показалец. |
| 650 #4 - Допълнително описание по предмет – тема | |
| Основно описание – тема или топоним | Библиотеки, регионални - Варна |
| 9 (RLIN) | 300925 |
| 650 #4 - Допълнително описание по предмет – тема | |
| Основно описание – тема или топоним | Библиографии |
| 9 (RLIN) | 148390 |
| 651 #4 - Допълнително описание по предмет - топоним | |
| Географско понятие | България |
| 9 (RLIN) | 241624 |
| 651 #4 - Допълнително описание по предмет - топоним | |
| Географско понятие | Варна |
| 9 (RLIN) | 178690 |
| 653 ## - Ключова дума – ненормативна | |
| Ключова дума | регионални библиотеки |
| 653 ## - Ключова дума – ненормативна | |
| Ключова дума | история |
| 653 ## - Ключова дума – ненормативна | |
| Ключова дума | библиотечно дело |
| 653 ## - Ключова дума – ненормативна | |
| Ключова дума | библиография |
| 653 ## - Ключова дума – ненормативна | |
| Ключова дума | юбилейни сборници |
| 659 ## - Тематичен бюлетин | |
| Тематичен бюлетин | Н |
| 700 1# - Други автори (авторска отговорност) | |
| Лично име | Милкова, Емилия Веселинова |
| Автороска отговорност (Описва отношението между автора и произведението) | състав. |
| 9 (RLIN) | 283515 |
| 710 1# - Име на организация или юридическо лице като допълнителен термин за търсене | |
| Наименование на организация или юридическо лице като редна дума | Регионална библиотека Пенчо Славейков. Варна |
| 9 (RLIN) | 300924 |
| 852 ## - Местоположение | |
| Форматна сигнатура | Цб 242898 |
| 856 4# - Електронен адрес и достъп | |
| Електронен формат | pdf - файл |
| Път до файла /url/ | |
| 856 4# - Електронен адрес и достъп | |
| Електронен формат | pdf - файл |
| Път до файла /url/ | |
| 942 ## - АРТИКУЛИ | |
| Вид на библиотечния материал | Книги |
| Скрит в OPAC | Не |
| 944 ## - СЪЗДАВАНЕ И РЕДАКЦИЯ на ЗАПИСА | |
| Създаване/Редакция | Създаване |
| Дата на регистрацията/редакция | 20.02.2009 |
| Статус, дата на статуса | ф / |
| Служител, извършил регистрацията/редакцията | Валя_Йорданова |
| 944 ## - СЪЗДАВАНЕ И РЕДАКЦИЯ на ЗАПИСА | |
| Създаване/Редакция | Редакция |
| Дата на регистрацията/редакция | 29.03.2016 |
| Статус, дата на статуса | ф / |
| Служител, извършил регистрацията/редакцията | Людмила_Стоянова |
| 999 ## - СИСТЕМНИ КОНТРОЛНИ НОМЕРА | |
| Koha biblionumber | 83347 |
| Koha biblioitemnumber | 83347 |
| Код за отписване | Код за изгубен артикул | Код за повреда | Коз за рестрикции | Код за отдаване | Артикулен № | Име на библиотеката - собственик | Име на библиотеката, в която се намира в момента | Статус (Текущо местоположение) | Дата на вписване в системата | Местоположение - отдел | Цена в лева | Инвентарен номер | Систематично азбучна сигнатура | Баркод | Номер на екземпляра | Цена в евро | Служебна бележка | Служебен тип на артикула | Източник на класификационната схема |
|---|---|---|---|---|---|---|---|---|---|---|---|---|---|---|---|---|---|---|---|
| Не е изгубен | Не е повреден | без рестрикции | ползва се в читалня | 135598 | Регионална библиотека "Любен Каравелов" Русе | Регионална библиотека "Любен Каравелов" Русе | Хранилище | 2009-02-20 | Хранилище | 0.00 | 120000733721 | Цб 242898 | 120000733721 | 1 | 0.00 | Дост: Dp Вид: Д N: 38 Дата: 03.09.2008 | Книги | ||
| Не е изгубен | Не е повреден | само за читалня | ползва се в читалня | 135599 | Регионална библиотека "Любен Каравелов" Русе | Регионална библиотека "Любен Каравелов" Русе | СБИД | 2016-02-18 | СБИД | 9.00 | 120000797959 | С 02/Р 44 | 120000797959 | 2 | 4.60 | Дост: DA Вид: А N: 5 Дата: 18.02.2016 Дата инв: 08.06.2017 Бележки инв: С2017 | Книги | Universal Decimal Classification |